Understanding the male temperament: (Record no. 14804)

000 -LEADER
fixed length control field 00798nam a2200217 a 4500
001 - CONTROL NUMBER
control field :::00012638$&:&@@
003 - CONTROL NUMBER IDENTIFIER
control field OkBaRHE
005 - DATE AND TIME OF LATEST TRANSACTION
control field 20000607103421.0
008 - FIXED-LENGTH DATA ELEMENTS--GENERAL INFORMATION
fixed length control field s1977 j 000 0 eng u
040 ## - CATALOGING SOURCE
Transcribing agency
100 1# - MAIN ENTRY--PERSONAL NAME
Personal name LaHaye, Tim F.
245 10 - TITLE STATEMENT
Title Understanding the male temperament:
Remainder of title what every man would like to tell his wife about himself ... but won't.
260 ## - PUBLICATION, DISTRIBUTION, ETC. (IMPRINT)
Place of publication, distribution, etc Old Tappan, NJ., :
Name of publisher, distributor, etc Fleming H. Revell Co.
Date of publication, distribution, etc c1977
300 ## - PHYSICAL DESCRIPTION
Extent 188 p. : illus. ;
Dimensions 23 cm.
650 ## - SUBJECT ADDED ENTRY--TOPICAL TERM
Topical term or geographic name as entry element Masculinity (Psychology)
650 ## - SUBJECT ADDED ENTRY--TOPICAL TERM
Topical term or geographic name as entry element Men
650 ## - SUBJECT ADDED ENTRY--TOPICAL TERM
Topical term or geographic name as entry element Men
General subdivision Religious Life
942 ## - ADDED ENTRY ELEMENTS (KOHA)
Source of classification or shelving scheme
Koha item type Books
Copies
Date last seen Source of classification or shelving scheme Damaged status Date acquired Barcode Price effective from Koha item type Lost status Shelving location Withdrawn status Full call number Not for loan Permanent Location Copy number
2010-04-14  2010-04-14126382010-04-14Books General Stacks HQ 1067 .L34 RHEMA Bible Training College1
2010-04-14  2010-04-14199922010-04-14Books General Stacks HQ 1067 .L34 RHEMA Bible Training College2